| 000 -ლიდერი |
| ფიქსირებული სიგრძის საკონტროლო ველი |
00711nam a2200193 4500 |
| 003 - საკონტროლო ნომრის იდენტიფიკატორი |
| საკონტროლო ველი |
Ge_BSU |
| 005 - ბოლო ოპერაციის თარიღი და დრო |
| საკონტროლო ველი |
20190822100838.0 |
| 008 - ფიქსირებული სიგრძის მონაცემთა ელემენტები - ზოგადი ინფორმაცია |
| ფიქსირებული სიგრძის საკონტროლო ველი |
190822b1969 ge ||||| |||| 00| 0 geo d |
| 041 ## - ენის კოდი |
| Language code of text/sound track or separate title |
geo |
| 080 ## - უნივერსალური ათობითი კლასიფიკაციის ინდექსი |
| Universal Decimal Classification number |
821.353.1-31 ა-13 |
| 100 ## - მთავარი ჩანაწერი - პიროვნების სახელი |
| Personal name |
აბაშიძე, გრიგოლ |
| 9 (RLIN) |
1383 |
| 245 ## - ცნობა სათაურის შესახებ |
| Title |
ყორნალი : |
| Remainder of title |
რომანი / |
| Statement of responsibility, etc |
გრიგოლ აბაშიძე ; რედ. გ. ჩიქოვანი. |
| 264 ## - წარმოების, გამოცემის, დისტრიბუციის და სხვა ცნობები |
| გამოცემის, წარმოების, დისტრიბუციის... ადგილი |
თბილისი : |
| გამოცემის, წარმოების, დისტრიბუციის... სახელწოდება |
მერანი ; |
| გამოცემის, წარმოების, დისტრიბუციის... თარიღი |
1969. |
| 300 ## - ფიზიკური აღწერა |
| Extent |
335 გვ. ; |
| Dimensions |
20 სმ. |
| 653 ## - INDEX TERM--UNCONTROLLED |
| Uncontrolled term |
ყორანი |
| 653 ## - INDEX TERM--UNCONTROLLED |
| Uncontrolled term |
რომანი |
| 700 ## - ADDED ENTRY--PERSONAL NAME |
| Personal name |
ჩიქოვანი, გ. |
| Relator term |
რედაქტორი |
| 9 (RLIN) |
3734 |
| 942 ## - ADDED ENTRY ELEMENTS (KOHA) |
| Source of classification or shelving scheme |
|
| Koha item type |
წიგნი |